5HLuxD.jpg

KING HENRY VIII SENIOR AND PRIMARY SCHOOL LIBRARY OPAC

Death and the king's horseman / (Record no. 2900)

000 -LEADER
fixed length control field 00827cam a2200289 a 4500
001 - CONTROL NUMBER
control field 013162265
003 - CONTROL NUMBER IDENTIFIER
control field UkOxU
005 - DATE AND TIME OF LATEST TRANSACTION
control field 20230911105107.0
008 - FIXED-LENGTH DATA ELEMENTS--GENERAL INFORMATION
fixed length control field 970612s1998 enk 000 0 eng d
015 ## - NATIONAL BIBLIOGRAPHY NUMBER
National bibliography number GB 98-Z9687
020 ## - INTERNATIONAL STANDARD BOOK NUMBER
International Standard Book Number 0413695506
020 ## - INTERNATIONAL STANDARD BOOK NUMBER
International Standard Book Number 9780413695505
035 ## - SYSTEM CONTROL NUMBER
System control number BNB2485.1279
035 ## - SYSTEM CONTROL NUMBER
System control number (UkOxU)UkOxUw10415534
035 ## - SYSTEM CONTROL NUMBER
System control number (OCoLC)39606492
040 ## - CATALOGING SOURCE
Original cataloging agency BDS
Transcribing agency KH8
082 0# - DEWEY DECIMAL CLASSIFICATION NUMBER
Classification number 822 WOL
Edition number 21
100 1# - MAIN ENTRY--PERSONAL NAME
Personal name Soyinka, Wole,
Relator term author.
245 10 - TITLE STATEMENT
Title Death and the king's horseman /
Statement of responsibility, etc. Wole Soyinka ; with commentary and notes by Jane Plastow.
260 ## - PUBLICATION, DISTRIBUTION, ETC.
Place of publication, distribution, etc. London :
Name of publisher, distributor, etc. Methuen,
Date of publication, distribution, etc. 1998.
300 ## - PHYSICAL DESCRIPTION
Extent xliii, 89 p. ;
Dimensions 19 cm.
650 #0 - SUBJECT ADDED ENTRY--TOPICAL TERM
Topical term or geographic name entry element Political plays.
651 #0 - SUBJECT ADDED ENTRY--GEOGRAPHIC NAME
Geographic name Nigeria
General subdivision Social life and customs
-- Drama.
700 1# - ADDED ENTRY--PERSONAL NAME
Personal name Plastow, Jane.
830 #0 - SERIES ADDED ENTRY--UNIFORM TITLE
Uniform title Methuen student editions.
942 ## - ADDED ENTRY ELEMENTS (KOHA)
Source of classification or shelving scheme
Koha item type Teaching Resources
Holdings
Withdrawn status Lost status Source of classification or shelving scheme Damaged status Not for loan Collection code Permanent Location Current Location Shelving location Date acquired Full call number Barcode Date last seen Price effective from Koha item type
          Teaching Resources KH8 Senior School Library KH8 Senior School Library Staff Office 2023-09-11 822 WOL TRKHSL002667 2023-09-11 2023-09-11 Teaching Resources
          Teaching Resources KH8 Senior School Library KH8 Senior School Library Staff Office 2023-09-11 822 WOL TRKHSL002668 2023-09-11 2023-09-11 Teaching Resources
          Teaching Resources KH8 Senior School Library KH8 Senior School Library Staff Office 2023-09-11 822 WOL TRKHSL002669 2023-09-11 2023-09-11 Teaching Resources
          Teaching Resources KH8 Senior School Library KH8 Senior School Library Staff Office 2023-09-11 822 WOL TRKHSL002670 2023-09-11 2023-09-11 Teaching Resources
          Teaching Resources KH8 Senior School Library KH8 Senior School Library Staff Office 2023-09-11 822 WOL TRKHSL002671 2023-09-11 2023-09-11 Teaching Resources
          Teaching Resources KH8 Senior School Library KH8 Senior School Library Staff Office 2023-09-11 822 WOL TRKHSL002672 2023-09-11 2023-09-11 Teaching Resources

Powered By KH8 IT Dept